Uruguay Departments Capital Cities Quiz - Statistics

General Stats
  • This quiz has been taken 133 times
  • The average score is 17 of 19
Answer Stats
Hint Answer % Correct
Artigas Artigas
99%
Canelones Canelones
96%
Montevideo Montevideo
95%
Paysandú Paysandú
95%
Salto Salto
95%
Tacuarembó Tacuarembó
95%
Durazno Durazno
94%
Maldonado Maldonado
94%
Rivera Rivera
94%
Rocha Rocha
94%
Florida Florida
93%
Treinta y Tres Treinta y Tres
91%
Colonia Colonia del Sacramento
86%
Cerro Largo Melo
84%
Lavalleja Minas
80%
Soriano Mercedes
76%
Río Negro Fray Bentos
75%
San José San José de Mayo
71%
Flores Trinidad
69%
No matching quizzes found
Score Distribution
Percent of People with Each Score
Percentile by Number Answered
Your Score History
You have not taken this quiz